000 00281nam a2200121 a 4500
008 100917s1990|||| d
245 1 0 _aAmerická tragédia
100 1 _aDreiser, theodore
260 _bTatran
_aBratislava
_c1990
020 _c50
044 _axo
_cSK
041 _aslo
999 _c10485
_d10485